[Event "Commonwealth-ch RSA op"]
[Site "Gauteng"]
[Date "2011.06.26"]
[Round "2"]
[White "Lafuente, Pablo"]
[Black "Modi, Jaishil Bhadrashil"]
[Result "1-0"]
[WhiteElo "2555"]
[BlackElo "1790"]
[PlyCount "71"]
[EventDate "2011.06.25"]
[EventType "swiss"]
[EventRounds "11"]
[EventCountry "RSA"]
[SourceTitle "CBM 143 Extra"]
[Source "ChessBase"]
[SourceDate "2011.08.29"]
[SourceVersion "1"]
[SourceVersionDate "2011.08.29"]
[SourceQuality "1"]

1. d4 Nf6 2. Nf3 c5 3. d5 b5 4. Bg5 Ne4 5. Bh4 d6 6. Qd3 Qa5+ 7. c3 Nf6 8. e4 Nbd7 9. Nbd2 Rb8 10. Be2 g6 11. 0-0 Bg7 12. a4 b4 13. Nc4 Qc7 14. e5 Nxe5 15. Nfxe5 Bf5 16. Qd1 dxe5 17. d6 Qd8 18. dxe7 Qxd1 19. Raxd1 bxc3 20. bxc3 Kxe7 21. Nxe5 Rhc8 22. Ba6 Rc7 23. Bg3 Rb6 24. Bc4 Rc8 25. a5 Re6 26. Bxe6 Bxe6 27. Rfe1 Kf8 28. Nd3 Nd5 29. Nxc5 Nxc3 30. Nxe6+ fxe6 31. Rd7 Ne2+ 32. Kf1 Nxg3+ 33. hxg3 Rc2 34. Rb1 Be5 35. Rxa7 Ra2 36. Rbb7 1-0

[Event "Commonwealth-ch RSA op"]
[Site "Gauteng"]
[Date "2011.06.24"]
[Round "7"]
[White "Lafuente, Pablo"]
[Black "Laxman, Rajaram"]
[Result "1/2-1/2"]
[WhiteElo "2555"]
[BlackElo "2446"]
[PlyCount "88"]
[EventDate "2011.06.25"]
[EventType "swiss"]
[EventRounds "11"]
[EventCountry "RSA"]
[SourceTitle "CBM 143 Extra"]
[Source "ChessBase"]
[SourceDate "2011.08.29"]
[SourceVersion "1"]
[SourceVersionDate "2011.08.29"]
[SourceQuality "1"]

1. d4 Nf6 2. c4 e6 3. Nc3 Bb4 4. e3 0-0 5. Nge2 Re8 6. a3 Bf8 7. d5 d6 8. g3 e5 9. e4 a5 10. Bg2 g6 11. Bg5 Bg7 12. 0-0 h6 13. Bd2 Nbd7 14. b4 Nh5 15. Qc2 Rf8 16. Nb5 b6 17. Rad1 Nhf6 18. Nc1 Ne8 19. Nd3 f5 20. f4 axb4 21. axb4 exf4 22. Nxf4 Ne5 23. Nd4 fxe4 24. Bxe4 Bg4 25. Nde6 Bxd1 26. Qxd1 Rxf4 27. gxf4 Qh4 28. Be1 Qh3 29. Qe2 Ng4 30. Bg3 Ra3 31. Bf3 Ne3 32. Re1 Nf5 33. Qf1 Ne3 34. Rc1 Bc3 35. Be4 Nf5 36. Be1 Bxe1 37. Rxe1 Rc3 38. c5 bxc5 39. bxc5 dxc5 40. Bxf5 gxf5 41. Nxc7 Nd6 42. Re6 Ne4 43. Ne8 Rd3 44. Nd6 Nxd6 1/2-1/2

[Event "Odense Fynsmesterskabet"]
[Site "Odense"]
[Date "2011.06.05"]
[Round "9"]
[White "Milov, Vadim"]
[Black "Lafuente, Pablo"]
[Result "1-0"]
[WhiteElo "2648"]
[BlackElo "2555"]
[PlyCount "93"]
[EventDate "2011.06.01"]
[EventType "swiss"]
[EventRounds "9"]
[EventCountry "DEN"]
[SourceTitle "CBM 142 Extra"]
[Source "ChessBase"]
[SourceDate "2011.06.27"]
[SourceVersion "1"]
[SourceVersionDate "2011.06.27"]
[SourceQuality "1"]

1. d4 Nf6 2. c4 e6 3. Nc3 Bb4 4. e3 d5 5. a3 Bxc3+ 6. bxc3 c6 7. cxd5 cxd5 8. c4 Nc6 9. Nf3 0-0 10. Bd3 dxc4 11. Bxc4 b6 12. 0-0 Bb7 13. Bd3 Qd5 14. Rb1 Rac8 15. Rb5 Qd7 16. Rg5 Ne7 17. Ne5 Qd8 18. Bb2 Ng6 19. Qb1 Nd5 20. Rh5 f5 21. Nxg6 hxg6 22. Rh3 Nc3 23. Qe1 Qd5 24. f3 Qb3 25. Qd2 Nd5 26. Rg3 Nxe3 27. Re1 Nc4 28. Bxc4 Rxc4 29. Rxg6 Rc2 30. Qg5 Rc7 31. Ba1 Bd5 32. h4 Qxa3 33. h5 Qe7 34. Qf4 Kh7 35. Bb2 Rc2 36. Bc1 Rf6 37. Qh4 Qf7 38. Rg3 f4 39. Rg4 Rf5 40. Bxf4 Rxh5 41. Qg3 Rc8 42. Re5 Rf5 43. Qh4+ Kg8 44. Bh6 g6 45. Qg3 Kh7 46. Bf4 Rh5 47. Reg5 1-0

[Event "Odense Fynsmesterskabet"]
[Site "Odense"]
[Date "2011.06.04"]
[Round "6"]
[White "Lafuente, Pablo"]
[Black "Tikkanen, Hans"]
[Result "1/2-1/2"]
[WhiteElo "2555"]
[BlackElo "2560"]
[PlyCount "123"]
[EventDate "2011.06.01"]
[EventType "swiss"]
[EventRounds "9"]
[EventCountry "DEN"]
[SourceTitle "CBM 142 Extra"]
[Source "ChessBase"]
[SourceDate "2011.06.27"]
[SourceVersion "1"]
[SourceVersionDate "2011.06.27"]
[SourceQuality "1"]

1. d4 d5 2. Nf3 Nf6 3. c4 c6 4. Nc3 dxc4 5. a4 Bf5 6. Ne5 Nbd7 7. Nxc4 Nb6 8. e3 e6 9. a5 Nxc4 10. Bxc4 Bb4 11. Qb3 Bxa5 12. Qxb7 0-0 13. 0-0 Qb6 14. Qa6 Bb4 15. f3 Bg6 16. Kh1 c5 17. Qxb6 axb6 18. Rxa8 Rxa8 19. Na2 Ba5 20. dxc5 bxc5 21. e4 Nd7 22. Bf4 Bd8 23. Nc3 Bf6 24. Rd1 Bd4 25. Ne2 Nb6 26. Bb5 Ra5 27. Bc6 Nc4 28. b4 Ra2 29. bxc5 Rxe2 30. Bb5 Ne3 31. Ra1 Bxa1 32. Bxe2 Nf5 33. exf5 Bxf5 34. Bd6 e5 35. Ba6 Bd7 36. Bb7 Be6 37. c6 Bd5 38. Ba8 Be6 39. g4 h6 40. Kg2 g6 41. Bb7 Bd5 42. Ba8 Be6 43. h4 Kg7 44. c7 Bc8 45. Be7 f6 46. Bd5 Bc3 47. Kf2 Bd2 48. h5 gxh5 49. gxh5 f5 50. Ke2 Ba5 51. Bd8 Kf8 52. Kd3 Ke8 53. Bc6+ Kf7 54. Kc4 Ke6 55. Kc5 Bd2 56. Ba8 Be3+ 57. Kc6 Bf2 58. Kb5 Kd6 59. Bc6 Bg3 60. Ba8 Bf2 61. Bc6 Bg3 62. Ba8 1/2-1/2

[Event "Odense Fynsmesterskabet"]
[Site "Odense"]
[Date "2011.06.03"]
[Round "4"]
[White "Lafuente, Pablo"]
[Black "Fries Nielsen, Niels Jorgen"]
[Result "1-0"]
[WhiteElo "2555"]
[BlackElo "2326"]
[PlyCount "75"]
[EventDate "2011.06.01"]
[EventType "swiss"]
[EventRounds "9"]
[EventCountry "DEN"]
[SourceTitle "CBM 142 Extra"]
[Source "ChessBase"]
[SourceDate "2011.06.27"]
[SourceVersion "1"]
[SourceVersionDate "2011.06.27"]
[SourceQuality "1"]

1. d4 Nf6 2. c4 c5 3. d5 b5 4. cxb5 a6 5. e3 g6 6. Nc3 d6 7. a4 Bg7 8. Ra3 0-0 9. Nf3 Nbd7 10. e4 Ne8 11. Be2 axb5 12. Nxb5 Ba6 13. 0-0 Nc7 14. Nxc7 Qxc7 15. b3 Rfb8 16. Bxa6 Rxa6 17. Qc2 c4 18. Be3 Rb7 19. Rc1 Qb8 20. Qxc4 Bb2 21. Qxa6 Bxa3 22. Rc2 Bc5 23. Nd4 Rb6 24. Qc4 Rb4 25. Qc3 Qb6 26. a5 Qb7 27. f3 f6 28. Kf2 Ne5 29. Qd2 Bxd4 30. Bxd4 Rxb3 31. Bxe5 fxe5 32. Ra2 Qa7+ 33. Kg3 Kg7 34. a6 h6 35. Qf2 Rb6 36. Rc2 Kf6 37. Rc8 h5 38. Qg1 1-0

[Event "Sarajevo Bosna op 41st"]
[Site "Sarajevo"]
[Date "2011.05.11"]
[Round "8"]
[White "Bejtovic, Jasmin"]
[Black "Lafuente, Pablo"]
[Result "0-1"]
[WhiteElo "2413"]
[BlackElo "2555"]
[PlyCount "94"]
[EventDate "2011.05.03"]
[EventType "swiss"]
[EventRounds "9"]
[EventCountry "BIH"]
[SourceTitle "CBM 142 Extra"]
[Source "ChessBase"]
[SourceDate "2011.06.27"]
[SourceVersion "1"]
[SourceVersionDate "2011.06.27"]
[SourceQuality "1"]

1. e4 c6 2. d4 d5 3. Nc3 dxe4 4. Nxe4 Bf5 5. Ng3 Bg6 6. h4 h6 7. Nf3 Nd7 8. h5 Bh7 9. Bd3 Bxd3 10. Qxd3 e6 11. Bd2 Ngf6 12. 0-0-0 Be7 13. Qe2 Qb6 14. Kb1 c5 15. Bc1 0-0 16. d5 exd5 17. Bxh6 gxh6 18. Nf5 Bd8 19. Nxh6+ Kh7 20. Nxf7 Ne4 21. N7g5+ Nxg5 22. Nxg5+ Bxg5 23. Rxd5 Ne5 24. Qxe5 Bf6 25. Qe4+ Kh8 26. b3 Qb4 27. Qe3 Bg7 28. Rd7 Rae8 29. h6 Bf6 30. Qg3 Re1+ 31. Rd1 Qd4 32. Qg7+ Bxg7 33. hxg7+ Kxg7 34. Rhxe1 Qxf2 35. Re7+ Rf7 36. Rxf7+ Qxf7 37. g3 Qe6 38. Rd3 Kf6 39. a3 b5 40. Kc1 Qe1+ 41. Kb2 Qe5+ 42. Kb1 Ke7 43. Ka2 c4 44. bxc4 bxc4 45. Rf3 Qe2 46. Rc3 Kd6 47. a4 Ke5 0-1

[Event "American Continental 07th"]
[Site "Toluca"]
[Date "2011.04.23"]
[Round "8"]
[White "Lafuente, Pablo"]
[Black "Fernandez Cardoso, Alexey"]
[Result "1-0"]
[WhiteElo "2572"]
[BlackElo "2440"]
[PlyCount "69"]
[EventDate "2011.04.19"]
[EventType "swiss"]
[EventRounds "9"]
[EventCountry "MEX"]
[SourceTitle "CBM 141 Extra"]
[Source "ChessBase"]
[SourceDate "2011.05.03"]
[SourceVersion "1"]
[SourceVersionDate "2011.05.03"]
[SourceQuality "1"]

1. d4 Nf6 2. c4 g6 3. g3 Bg7 4. Bg2 0-0 5. Nc3 d6 6. Nf3 Nfd7 7. 0-0 e5 8. d5 f5 9. Ng5 Nf6 10. e4 Qe7 11. exf5 gxf5 12. Qc2 c6 13. Bd2 h6 14. Nf3 Ne8 15. Nh4 Qf7 16. Rae1 cxd5 17. Bxd5 Be6 18. Nxf5 Nc6 19. Nh4 Nd4 20. Qd3 Nc7 21. Bxe6 Ncxe6 22. Ne4 Qh5 23. Be3 Rf3 24. Qd1 Raf8 25. Bxd4 Nxd4 26. Kg2 Qe8 27. Nxf3 Nxf3 28. Qd5+ Kh8 29. Re3 Nd4 30. Nxd6 Qg6 31. c5 Ne6 32. Qe4 Qh5 33. Rf3 Bf6 34. Rf5 Qg6 35. Rxe5 1-0

[Event "American Continental 07th"]
[Site "Toluca"]
[Date "2011.04.23"]
[Round "7"]
[White "Lafuente, Pablo"]
[Black "Vescovi, Giovanni P"]
[Result "0-1"]
[WhiteElo "2572"]
[BlackElo "2634"]
[PlyCount "128"]
[EventDate "2011.04.19"]
[EventType "swiss"]
[EventRounds "9"]
[EventCountry "MEX"]
[SourceTitle "CBM 141 Extra"]
[Source "ChessBase"]
[SourceDate "2011.05.03"]
[SourceVersion "1"]
[SourceVersionDate "2011.05.03"]
[SourceQuality "1"]

1. Nf3 c5 2. c4 Nf6 3. Nc3 e6 4. g3 b6 5. Bg2 Bb7 6. 0-0 Be7 7. d4 cxd4 8. Qxd4 0-0 9. Rd1 d6 10. b3 Nbd7 11. Bb2 a6 12. h3 Qc7 13. Rac1 Rac8 14. Qe3 Rfe8 15. Ng5 Bxg2 16. Kxg2 b5 17. Nce4 bxc4 18. Rxc4 Qb7 19. Rxc8 Rxc8 20. Kg1 d5 21. Nxf6+ Bxf6 22. Bxf6 Nxf6 23. Rc1 h6 24. Nf3 Ne4 25. Ne5 Rc7 26. Nd3 Qc8 27. a4 a5 28. Kg2 Rxc1 29. Qxc1 Qxc1 30. Nxc1 Nc5 31. Kf3 Kf8 32. Ke3 Ke7 33. Kd4 Kd6 34. f3 e5+ 35. Kc3 Kc6 36. e3 f6 37. Ne2 Na6 38. g4 Kc5 39. Ng3 d4+ 40. exd4+ exd4+ 41. Kc2 Nb4+ 42. Kd2 Nd5 43. Ne4+ Kb4 44. Kc2 g5 45. Kd3 Kxb3 46. Kxd4 Nf4 47. Nxf6 Kxa4 48. Kc3 Ka3 49. Ng8 Ne2+ 50. Kc2 Nd4+ 51. Kc3 Ne2+ 52. Kc2 Kb4 53. Nxh6 a4 54. Kb2 a3+ 55. Ka2 Nc1+ 56. Ka1 Kc3 57. Nf5 Ne2 58. Kb1 a2+ 59. Ka1 Kd3 60. f4 gxf4 61. g5 f3 62. g6 f2 63. Ne3 Kxe3 64. g7 f1Q+ 0-1

[Event "American Continental 07th"]
[Site "Toluca"]
[Date "2011.04.22"]
[Round "5"]
[White "Barrientos Chavarriaga, Sergio E"]
[Black "Lafuente, Pablo"]
[Result "1/2-1/2"]
[WhiteElo "2499"]
[BlackElo "2572"]
[PlyCount "65"]
[EventDate "2011.04.19"]
[EventType "swiss"]
[EventRounds "9"]
[EventCountry "MEX"]
[SourceTitle "CBM 141 Extra"]
[Source "ChessBase"]
[SourceDate "2011.05.03"]
[SourceVersion "1"]
[SourceVersionDate "2011.05.03"]
[SourceQuality "1"]

1. e4 e5 2. Nf3 Nc6 3. Bb5 a6 4. Ba4 Nf6 5. 0-0 Be7 6. Re1 b5 7. Bb3 d6 8. c3 0-0 9. d4 Bg4 10. d5 Na5 11. Bc2 c6 12. h3 Bc8 13. dxc6 Qc7 14. Nbd2 Qxc6 15. a4 Bd7 16. Nf1 h6 17. Nh4 Rfc8 18. Ne3 Qc7 19. Nhf5 Bf8 20. Qf3 Qd8 21. Ng4 Nxg4 22. Qxg4 Kh7 23. Qd1 Be6 24. Ne3 Nc4 25. Nd5 Kg8 26. Qd3 Rab8 27. axb5 axb5 28. b3 Nb6 29. f4 Nd7 30. Rf1 Bxd5 31. exd5 e4 32. Qxe4 Nf6 33. Qd4 1/2-1/2

[Event "Catalunya-chT"]
[Site "Barcelona"]
[Date "2011.03.05"]
[Round "6"]
[White "Lafuente, Pablo"]
[Black "Almeida Quintana, Omar"]
[Result "0-1"]
[WhiteElo "2561"]
[BlackElo "2576"]
[PlyCount "68"]
[EventDate "2011.01.29"]
[EventType "team-tourn"]
[EventRounds "11"]
[EventCountry "ESP"]
[SourceTitle "EXT 2012"]
[Source "ChessBase"]
[SourceDate "2011.11.24"]
[SourceVersion "1"]
[SourceVersionDate "2011.11.24"]
[SourceQuality "1"]
[WhiteTeam "Cerdanyola Valles"]
[BlackTeam "Colon Sabadell"]
[WhiteTeamCountry "ESP"]
[BlackTeamCountry "ESP"]

1. d4 g6 2. Nf3 Bg7 3. g3 Nf6 4. Bg2 0-0 5. 0-0 d6 6. c4 c6 7. Nc3 Qa5 8. e4 e5 9. h3 Nbd7 10. Qc2 Re8 11. Be3 a6 12. d5 Qc7 13. Ne1 b5 14. dxc6 Qxc6 15. cxb5 axb5 16. Nd3 Bb7 17. Qb3 Ra5 18. Rfc1 Nc5 19. Bxc5 dxc5 20. Nd5 c4 21. Qb4 Raa8 22. Ne7+ Rxe7 23. Qxe7 Bf8 24. Qxe5 Qb6 25. Nf4 Re8 26. Qc3 Nxe4 27. Bxe4 Rxe4 28. Rf1 Bc5 29. Rad1 b4 30. Qf3 Rxf4 31. Qxf4 Qc6 32. Rd8+ Kg7 33. Qe5+ f6 34. Rd7+ Kh6 0-1

[Event "Gibraltar Masters 9th"]
[Site "Caleta"]
[Date "2011.02.01"]
[Round "8"]
[White "Vaibhav, Suri"]
[Black "Lafuente, Pablo"]
[Result "0-1"]
[WhiteElo "2421"]
[BlackElo "2561"]
[PlyCount "76"]
[EventDate "2011.01.25"]
[EventType "swiss"]
[EventRounds "10"]
[EventCountry "GGB"]
[SourceTitle "CBM 141"]
[Source "ChessBase"]
[SourceDate "2011.03.17"]
[SourceVersion "1"]
[SourceVersionDate "2011.03.17"]
[SourceQuality "1"]

1. e4 e5 2. Nf3 Nc6 3. Bb5 a6 4. Ba4 Nf6 5. 0-0 Be7 6. Re1 b5 7. Bb3 d6 8. c3 0-0 9. h3 Na5 10. Bc2 c5 11. d4 Nd7 12. d5 Nb6 13. Nbd2 g6 14. Nf1 Nb7 15. b3 Qc7 16. N3h2 Bf6 17. Ne3 c4 18. bxc4 Nxc4 19. Nhg4 Bg7 20. Nxc4 Qxc4 21. a4 bxa4 22. Bxa4 Nc5 23. Qc2 Nd3 24. Rd1 Nxc1 25. Raxc1 f5 26. Ne3 Qc5 27. exf5 gxf5 28. Qd3 Bh6 29. Rb1 Ra7 30. Rb4 Rc7 31. Rc4 Qa5 32. Bc6 e4 33. Qe2 Rg7 34. Rb4 Bxe3 35. fxe3 f4 36. exf4 Bxh3 37. Qe3 Bxg2 38. Kh2 Qd8 0-1

[Event "Gibraltar Masters 9th"]
[Site "Caleta"]
[Date "2011.01.29"]
[Round "5"]
[White "Lafuente, Pablo"]
[Black "Harikrishna, Pentala"]
[Result "1-0"]
[WhiteElo "2561"]
[BlackElo "2667"]
[PlyCount "77"]
[EventDate "2011.01.25"]
[EventType "swiss"]
[EventRounds "10"]
[EventCountry "GGB"]
[SourceTitle "CBM 141"]
[Source "ChessBase"]
[SourceDate "2011.03.17"]
[SourceVersion "1"]
[SourceVersionDate "2011.03.17"]
[SourceQuality "1"]

1. d4 Nf6 2. c4 e6 3. Nc3 Bb4 4. e3 b6 5. Bd3 Bb7 6. Nf3 Ne4 7. Qc2 Bxc3+ 8. bxc3 f5 9. 0-0 0-0 10. Nd2 Qh4 11. f3 Nxd2 12. Bxd2 Nc6 13. Rab1 d6 14. e4 f4 15. e5 dxe5 16. Rfe1 Rae8 17. d5 exd5 18. cxd5 Nb8 19. c4 Na6 20. Bf5 Qh5 21. Be6+ Rxe6 22. dxe6 e4 23. Rb5 c5 24. e7 Re8 25. fxe4 Nc7 26. Rb3 Ne6 27. Qd3 Rxe7 28. Qd6 Qf7 29. Qb8+ Re8 30. Qxa7 Nd4 31. Qxb6 Bxe4 32. Rxe4 Rxe4 33. Qd8+ Qe8 34. Qd5+ Qe6 35. Rb8+ Kf7 36. Rb7+ Kg8 37. Rb8+ Kf7 38. Rb7+ Kg8 39. Rb8+ 1-0

[Event "Gibraltar Masters 9th"]
[Site "Caleta"]
[Date "2011.01.27"]
[Round "3"]
[White "Lafuente, Pablo"]
[Black "Stebbings, Anthony"]
[Result "1-0"]
[WhiteElo "2561"]
[BlackElo "2285"]
[PlyCount "79"]
[EventDate "2011.01.25"]
[EventType "swiss"]
[EventRounds "10"]
[EventCountry "GGB"]
[SourceTitle "CBM 141"]
[Source "ChessBase"]
[SourceDate "2011.03.17"]
[SourceVersion "1"]
[SourceVersionDate "2011.03.17"]
[SourceQuality "1"]

1. d4 Nf6 2. Nf3 e6 3. g3 b5 4. Bg2 Bb7 5. 0-0 c5 6. c3 Be7 7. Bg5 cxd4 8. cxd4 0-0 9. Qd3 Qb6 10. Nc3 b4 11. Bxf6 Bxf6 12. Na4 Qa6 13. Nc5 Qxd3 14. Nxd3 Na6 15. e3 Rfc8 16. Nd2 Bxg2 17. Kxg2 Rc2 18. Nb3 Be7 19. Rfc1 Rac8 20. Rxc2 Rxc2 21. Kf1 d5 22. Ke1 Nb8 23. Na5 Bd8 24. Kd1 Rc8 25. Nb7 Be7 26. Rc1 Rxc1+ 27. Kxc1 Kf8 28. Kc2 Ke8 29. Kb3 Nc6 30. Ka4 Kd7 31. Na5 Nxa5 32. Kxa5 b3 33. axb3 Kc7 34. Ka6 Kb8 35. Ne5 Ka8 36. Nxf7 Bb4 37. Ne5 Be1 38. Nd3 Bd2 39. b4 Kb8 40. b5 1-0

[Event "Chigorin Memorial 18th"]
[Site "St Petersburg"]
[Date "2010.11.03"]
[Round "7"]
[White "Sergienko, Sergey"]
[Black "Lafuente, Pablo"]
[Result "1/2-1/2"]
[WhiteElo "2417"]
[BlackElo "2565"]
[PlyCount "92"]
[EventDate "2010.10.28"]
[EventType "swiss"]
[EventRounds "9"]
[EventCountry "RUS"]
[SourceTitle "EXT 2011"]
[Source "ChessBase"]
[SourceDate "2010.11.26"]
[SourceVersion "1"]
[SourceVersionDate "2010.11.26"]
[SourceQuality "1"]

1. e4 c6 2. Nc3 d5 3. Nf3 a6 4. d4 Bg4 5. Be2 e6 6. h3 Bh5 7. a3 Nf6 8. Bg5 Be7 9. Ne5 Bxe2 10. Qxe2 dxe4 11. 0-0-0 Nbd7 12. Nxe4 Nxe4 13. Bxe7 Qxe7 14. Qxe4 Nf6 15. Qf3 0-0 16. Rhe1 Rac8 17. Nd3 a5 18. g4 Nd5 19. Qe4 Rfd8 20. f4 b6 21. g5 Qd6 22. f5 exf5 23. Qxf5 Ne7 24. Qe4 Ng6 25. c3 Qg3 26. Qf5 Re8 27. Rf1 Qe3+ 28. Kb1 Qe6 29. Qf3 Qc4 30. Qf5 Rcd8 31. Nc1 Qd5 32. Qf2 Re7 33. Ka1 Qxg5 34. Rg1 Qe3 35. Qg2 Qe4 36. Qg3 Rde8 37. Nd3 Qf5 38. Rdf1 Qb5 39. Ne5 Qd5 40. h4 f6 41. Nxg6 hxg6 42. Qxg6 Qf7 43. Qf5 Qe6 44. Qg6 Qf7 45. Qf5 Qe6 46. Qg6 Qf7 1/2-1/2

[Event "Chigorin Memorial 18th"]
[Site "St Petersburg"]
[Date "2010.11.01"]
[Round "5"]
[White "Malakhov, Igor"]
[Black "Lafuente, Pablo"]
[Result "1-0"]
[WhiteElo "2425"]
[BlackElo "2565"]
[PlyCount "39"]
[EventDate "2010.10.28"]
[EventType "swiss"]
[EventRounds "9"]
[EventCountry "RUS"]
[SourceTitle "EXT 2011"]
[Source "ChessBase"]
[SourceDate "2010.11.26"]
[SourceVersion "1"]
[SourceVersionDate "2010.11.26"]
[SourceQuality "1"]

1. c4 c6 2. Nf3 Nf6 3. g3 d5 4. Bg2 dxc4 5. Na3 Qd5 6. Nh4 Qc5 7. Qc2 Be6 8. b3 Qd4 9. Bb2 cxb3 10. axb3 Qb6 11. Nc4 Bxc4 12. bxc4 e6 13. 0-0 Be7 14. Rfb1 Qc7 15. Bd4 Nbd7 16. Qb3 Bc5 17. Bxc5 Nxc5 18. Qe3 Na6 19. Nf5 h6 20. Rxb7 1-0

[Event "Chigorin Memorial 18th"]
[Site "St Petersburg"]
[Date "2010.10.30"]
[Round "3"]
[White "Pakhomov, Egor"]
[Black "Lafuente, Pablo"]
[Result "1-0"]
[WhiteElo "2395"]
[BlackElo "2565"]
[PlyCount "135"]
[EventDate "2010.10.28"]
[EventType "swiss"]
[EventRounds "9"]
[EventCountry "RUS"]
[SourceTitle "EXT 2011"]
[Source "ChessBase"]
[SourceDate "2010.11.26"]
[SourceVersion "1"]
[SourceVersionDate "2010.11.26"]
[SourceQuality "1"]

1. Nf3 Nf6 2. c4 e6 3. Nc3 Bb4 4. Qc2 0-0 5. a3 Bxc3 6. Qxc3 b6 7. e3 Bb7 8. b4 d6 9. Be2 Nbd7 10. Bb2 c5 11. 0-0 Rc8 12. b5 e5 13. d3 Ne8 14. a4 Nc7 15. a5 Ne6 16. axb6 axb6 17. Ra7 Rc7 18. Rfa1 f5 19. Nd2 Nf6 20. Bf3 e4 21. dxe4 fxe4 22. Rxb7 Rxb7 23. Nxe4 Rbf7 24. Nxf6+ Rxf6 25. Bd5 Qe7 26. f4 Kh8 27. g3 Nc7 28. Bc6 Re6 29. e4 Rf7 30. Bd5 Rxe4 31. Bxf7 Qxf7 32. Ra7 Re7 33. Rb7 Qe8 34. Qf3 h6 35. Kf2 Qg8 36. Qd3 Qe6 37. Qc3 Ne8 38. Rxb6 Qc8 39. Ra6 Qb7 40. Ra1 Kg8 41. Rb1 Qa8 42. Ra1 Qc8 43. Qf3 Qf5 44. Re1 Rxe1 45. Kxe1 Qc2 46. Qd5+ Kf8 47. Qd2 Qb1+ 48. Qd1 Qe4+ 49. Qe2 Qb1+ 50. Kf2 Qh1 51. Ke3 Qc1+ 52. Kd3 Qb1+ 53. Qc2 Qh1 54. Ke3 Qg1+ 55. Kf3 Qh1+ 56. Kg4 Ke7 57. Kh5 Qf3+ 58. Kg6 h5 59. Kh7 h4 60. Kg8 hxg3 61. hxg3 Nc7 62. Bxg7 Ne6 63. Qh7 Qxg3 64. f5 Nd4 65. f6+ Kd7 66. f7 Ne6 67. f8Q Nxf8 68. Qf5+ 1-0

[Event "Olympiad-39"]
[Site "Khanty-Mansiysk"]
[Date "2010.09.30"]
[Round "9.4"]
[White "Lafuente, Pablo"]
[Black "Malisauskas, Vidmantas"]
[Result "1-0"]
[WhiteElo "2565"]
[BlackElo "2510"]
[PlyCount "89"]
[EventDate "2010.09.21"]
[EventType "team-swiss"]
[EventRounds "11"]
[EventCountry "RUS"]
[SourceTitle "CBM 139"]
[Source "ChessBase"]
[SourceDate "2010.11.18"]
[SourceVersion "1"]
[SourceVersionDate "2010.11.18"]
[SourceQuality "1"]
[WhiteTeam "Argentina"]
[BlackTeam "Lithuania"]
[WhiteTeamCountry "ARG"]
[BlackTeamCountry "LTU"]

1. c4 e5 2. Nc3 Nf6 3. g3 d5 4. cxd5 Nxd5 5. Bg2 Nb6 6. Nf3 Nc6 7. 0-0 Be7 8. a3 0-0 9. b4 Be6 10. Rb1 f6 11. d3 a5 12. b5 Nd4 13. Nd2 Nd5 14. Bxd5 Bxd5 15. e3 Be6 16. exd4 Qxd4 17. Nde4 Rfd8 18. b6 c6 19. Be3 Qxd3 20. Qxd3 Rxd3 21. Bc5 Bxc5 22. Nxc5 Rxc3 23. Nxe6 Kf7 24. Nc7 Rd8 25. Rfd1 Rcd3 26. Rxd3 Rxd3 27. Na6 Rd5 28. Kf1 Ke7 29. Ke2 f5 30. a4 g6 31. Rb2 Kd6 32. Nc7 Rd4 33. Rd2 Rxd2+ 34. Kxd2 e4 35. Kc3 g5 36. Kd4 h6 37. Ne8+ Ke7 38. Ng7 Kf6 39. Nh5+ Ke6 40. g4 fxg4 41. Ng3 c5+ 42. Kxc5 Ke5 43. Nh5 e3 44. fxe3 Ke4 45. Kd6 1-0

[Event "ESP-chT CECLUB GpB"]
[Site "Burguillos"]
[Date "2010.08.13"]
[Round "5"]
[White "Pozo Vera, Sandro"]
[Black "Lafuente, Pablo"]
[Result "1/2-1/2"]
[WhiteElo "2453"]
[BlackElo "2578"]
[PlyCount "47"]
[EventDate "2010.08.09"]
[EventType "team"]
[EventRounds "5"]
[EventCountry "ESP"]
[SourceTitle "CBM 137 Extra"]
[Source "ChessBase"]
[SourceDate "2010.09.01"]
[SourceVersion "1"]
[SourceVersionDate "2010.09.01"]
[SourceQuality "1"]

1. d4 Nf6 2. c4 e6 3. Nc3 Bb4 4. e3 0-0 5. Bd3 c5 6. Nf3 d5 7. 0-0 cxd4 8. exd4 dxc4 9. Bxc4 b6 10. Bg5 Bb7 11. Re1 Nbd7 12. Rc1 Rc8 13. Bd3 Bxc3 14. bxc3 Qc7 15. Qe2 Qc6 16. c4 Rfe8 17. Bf4 Nh5 18. Qd2 Nxf4 19. Qxf4 h6 20. Re3 Qc7 21. Qh4 Qd8 22. Qf4 Qf6 23. Qg4 Red8 24. h4 1/2-1/2

[Event "Balaton GM1 28th"]
[Site "Heviz"]
[Date "2010.06.22"]
[Round "4"]
[White "Lafuente, Pablo"]
[Black "Romanishin, Oleg M"]
[Result "1-0"]
[WhiteElo "2587"]
[BlackElo "2519"]
[PlyCount "147"]
[EventDate "2010.06.19"]
[EventType "tourn"]
[EventRounds "6"]
[EventCountry "HUN"]
[EventCategory "13"]
[SourceTitle "CBM 137 Extra"]
[Source "ChessBase"]
[SourceDate "2010.09.01"]
[SourceVersion "1"]
[SourceVersionDate "2010.09.01"]
[SourceQuality "1"]

1. d4 Nf6 2. c4 e6 3. Nf3 Bb4+ 4. Bd2 c5 5. Bxb4 cxb4 6. g3 b6 7. Bg2 Bb7 8. 0-0 0-0 9. Qd3 Be4 10. Qb3 Nc6 11. Nbd2 d5 12. e3 dxc4 13. Qxc4 Bd5 14. Qd3 Na5 15. Qb5 Qe7 16. Ne5 Rad8 17. Rfc1 Bxg2 18. Kxg2 Nd5 19. Ndc4 f6 20. Nf3 Nxc4 21. Rxc4 Qb7 22. Rac1 Rc8 23. Rxc8 Rxc8 24. Rxc8+ Qxc8 25. e4 Ne7 26. Qxb4 Kf7 27. Qc3 Qa6 28. a3 Qe2 29. Nd2 g5 30. Qe3 Qxe3 31. fxe3 g4 32. Kf2 Nc6 33. b4 Ke7 34. b5 Nd8 35. e5 Nf7 36. exf6+ Kxf6 37. Nc4 Ng5 38. Nd6 h5 39. Nc8 Ne4+ 40. Ke1 e5 41. Nxa7 Nd6 42. a4 exd4 43. exd4 Kf5 44. Ke2 Ke4 45. Nc6 Nc4 46. Ne5 Nd6 47. Nd7 Nc4 48. Nf6+ Kxd4 49. Nxh5 Ke4 50. Nf6+ Kf5 51. Nd5 Ke4 52. Nb4 Ne5 53. Nc2 Nd7 54. Ne3 Nc5 55. Nxg4 Nxa4 56. Kd2 Kd4 57. Ne3 Nc5 58. Nf5+ Ke5 59. Ne7 Ne4+ 60. Ke3 Nd6 61. Nc6+ Kd5 62. Na7 Ke5 63. g4 Nc4+ 64. Kf3 Nd2+ 65. Ke2 Nc4 66. Kf3 Nd2+ 67. Kg3 Nf1+ 68. Kg2 Nd2 69. Nc8 Nc4 70. Kg3 Ke4 71. h4 Ke5 72. h5 Na3 73. h6 Kf6 74. g5+ 1-0

[Event "Balaton GM1 28th"]
[Site "Heviz"]
[Date "2010.06.19"]
[Round "1"]
[White "Lafuente, Pablo"]
[Black "Miton, Kamil"]
[Result "1/2-1/2"]
[WhiteElo "2587"]
[BlackElo "2608"]
[PlyCount "89"]
[EventDate "2010.06.19"]
[EventType "tourn"]
[EventRounds "6"]
[EventCountry "HUN"]
[EventCategory "13"]
[SourceTitle "CBM 137 Extra"]
[Source "ChessBase"]
[SourceDate "2010.09.01"]
[SourceVersion "1"]
[SourceVersionDate "2010.09.01"]
[SourceQuality "1"]

1. d4 d5 2. c4 e6 3. Nc3 c6 4. e3 Nf6 5. Nf3 Nbd7 6. Qc2 Bd6 7. Be2 0-0 8. 0-0 dxc4 9. Bxc4 b5 10. Be2 Bb7 11. Rd1 Qc7 12. e4 e5 13. Bg5 exd4 14. Rxd4 Ne5 15. Bxf6 gxf6 16. g3 Nxf3+ 17. Bxf3 Be5 18. Rd2 Rad8 19. Rad1 Bc8 20. Ne2 Be6 21. Bg2 Qb6 22. Nf4 Rxd2 23. Rxd2 Bxf4 24. gxf4 Rd8 25. f5 Rxd2 26. Qxd2 Bxa2 27. e5 c5 28. b4 Bc4 29. bxc5 Qxc5 30. Qd8+ Qf8 31. Qxf6 h6 32. Qa6 Qb4 33. Qa1 Bd3 34. e6 f6 35. Bd5 Qg4+ 36. Kh1 Be4+ 37. Bxe4 Qxe4+ 38. Kg1 Qg4+ 39. Kf1 Qc4+ 40. Kg1 Qg4+ 41. Kf1 Qh3+ 42. Kg1 Qxf5 43. Qxa7 Qxe6 44. Qb8+ Kg7 45. Qxb5 1/2-1/2